000 00578nam a22001817a 4500
008 161014b xxu||||| |||| 00| 0 eng d
020 _a9710868845
082 _22008
_aDFil 375.001
_bAq5
100 _916187
_aAquino, Gaudencio V.
245 _aCurriculum innovation/
_cGaudencio V. Aquino
260 _aMandaluyong City:
_bNational Book Store,
_cc2008.
300 _av, 161 pages ;
_c23 cm.
500 _aIncludes bibliographical references
650 0 _916188
_aCurriculum planning.
650 0 _916189
_aTeaching strategies.
365 _b340.00
_cPhp.
942 _2ddc
_cDFIL
999 _c5215
_d5215